| 000 | 00511nam a22001817a 4500 | ||
|---|---|---|---|
| 008 | 121018b xxu||||| |||| 00| 0 eng d | ||
| 020 | _a0071238239 | ||
| 040 |
_aBSU _cBSU |
||
| 082 |
_222 _a519.3CHI |
||
| 100 |
_aChiang Alpha C _9846 |
||
| 245 |
_aFundamental methods of mathematical economics _cAlpha C Chiang and Kevin Wainwright |
||
| 250 | _a4th | ||
| 260 |
_aBoston _bMcGraw-Hill _c2005 |
||
| 300 |
_axix. 688p. _c23cm |
||
| 521 | _aincludes index | ||
| 658 | _amathematical economics | ||
| 942 |
_2ddc _cRES |
||
| 999 |
_c327 _d327 |
||